The economic impact of high density development and tall buildings in central business districts (Record no. 108705)

MARC details
000 -LEADER
fixed length control field 01532cad a22002175a 4500
001 - CONTROL NUMBER
control field L145166
008 - FIXED-LENGTH DATA ELEMENTS--GENERAL INFORMATION
fixed length control field 080911s2008 xxkad f s 000 0 eng d
035 ## - SYSTEM CONTROL NUMBER
System control number (Sirsi) u145166
041 0# - LANGUAGE CODE
Language code of text/sound track or separate title eng
050 04 - LIBRARY OF CONGRESS CALL NUMBER
Classification number 333.22 $2 22
110 2# - MAIN ENTRY--CORPORATE NAME
Corporate name or jurisdiction name as entry element Colin Buchanan and Partners
9 (RLIN) 2434
245 04 - TITLE STATEMENT
Title The economic impact of high density development and tall buildings in central business districts
Medium [electronic resource]
260 ## - PUBLICATION, DISTRIBUTION, ETC.
Place of publication, distribution, etc. London
Name of publisher, distributor, etc. BPF
Date of publication, distribution, etc. 2008
520 ## - SUMMARY, ETC.
Summary, etc. Seeks to inform the debate about why the world's fasted growing cities are built at high density, often favouring commercial buildings. Reviews past research into the economic and sustainable impacts of high density development, draws on discussions with developers and occupiers, and uses an economic modelling of the impact of increasing employment density on output. Using the findings, the authors explain and estimate the economic costs and benefits of high density commercial development in central business districts. Concludes that increased density leads to productivity increases in five ways: increased specialisation; knowledge spillovers; competition; wider labour market choice for employers and economies of scale.
590 ## - LOCAL NOTE (RLIN)
Local note KA NTK
651 #4 - SUBJECT ADDED ENTRY--GEOGRAPHIC NAME
Geographic name International
690 ## - LOCAL SUBJECT ADDED ENTRY--TOPICAL TERM (OCLC, RLIN)
Topical term or geographic name as entry element BUILT ENVIRONMENT-BUILDING TYPES-TALL BUILDINGS
690 ## - LOCAL SUBJECT ADDED ENTRY--TOPICAL TERM (OCLC, RLIN)
Topical term or geographic name as entry element PROPERTY-COMMERCIAL PROPERTY-COMMERCIAL PROPERTY MARKET
856 40 - ELECTRONIC LOCATION AND ACCESS
Uniform Resource Identifier <a href="https://www.bpf.org.uk/en/files/bpf_documents/Tall_Buildings_Report_Final.pdf">https://www.bpf.org.uk/en/files/bpf_documents/Tall_Buildings_Report_Final.pdf</a>
Public note View this report free of charge at www.bpf.org.uk...
942 ## - ADDED ENTRY ELEMENTS (KOHA)
Suppress in OPAC 0
Holdings
Withdrawn status Lost status Source of classification or shelving scheme Damaged status Not for loan Home library Current library Shelving location Date acquired Total Checkouts Full call number Barcode Date last seen Copy number Price effective from Koha item type
    Dewey Decimal Classification     Virtual Virtual Online 11/09/2008   ONLINE PUBLICATION 145166-1001 06/08/2019 1 06/08/2019 Book